Quiz sulla storia della Colombia - Statistics

Statistiche generali
  • Questo quiz è stato fatto 15 volte
  • Il punteggio medio è 10 su 13
Statistiche sulle risposte
DOMANDA RISPOSTA % Corretto
Nel 1538 viene fondata l'odierna capitale Bogotà
100%
La nazione deve il suo nome a questo esploratore Colombo
100%
Noto narcotrafficante colombiano Escobar
100%
Come sopra Ecuador
92%
Nel 1932 vi fu la prima guerra internazionale della Colombia contro questo suo vicino Perù
92%
Primo stato europeo a crearvici una stabilimento permanente Spagna
92%
Nel 1821 ci fu l'indipendenza della Grande Colombia che oltre alla già citata quali altri 3 stati comprendeva? Venezuela
85%
Come sopra Panama
77%
Religione più praticata nel paese (ramo preciso) Cattolicesimo
69%
Premio nobel per la letteratura nell'82 e autore di "Cent'anni di solitudine", nato in Colombia Gabriel/Garcia/Marquez
69%
Personaggio importante per l'indipendenza colombiana, oltre a quella venezuelana.... Bolivar
62%
Prima città fondata ancora oggi una delle più popolose della nazione Cartagena
31%
Nel 1528 vi fu un tentativo di colonizzazione della regione da parte di questo impero europeo Sacro Romano
15%
Nessun quiz corrispondente trovato
Distribuzione punteggi
Percentuale di utenti per punteggio
Percentile per numero di risposta
I tuoi punteggi nel tempo
Non hai fatto questo quiz